Mecze reprezentacji Polski w Lidze Narodów - Statystyki

Ogólne statystyki
  • Ten quiz został rozwiązany 125 razy
  • Średni wynik to 16 z 18
Statystyki odpowiedzi
Sezon Wynik Przeciwnik % Poprawnych
2020/2021 0-1 Holandia
95%
2020/2021 1-2 Holandia
95%
2022/2023 2-2 Holandia
95%
2022/2023 0-2 Holandia
95%
2024/2025 3-2 Szkocja
95%
2022/2023 1-6 Belgia
94%
2022/2023 0-1 Belgia
94%
2018/2019 2-3 Portugalia
94%
2018/2019 1-1 Portugalia
94%
2018/2019 1-1 Włochy
91%
2018/2019 0-1 Włochy
91%
2020/2021 0-0 Włochy
91%
2020/2021 0-2 Włochy
91%
2024/2025 0-1 Chorwacja
88%
2022/2023 2-1 Walia
85%
2022/2023 1-0 Walia
85%
2020/2021 2-1 Bośnia i Hercegowina
72%
2020/2021 3-0 Bośnia i Hercegowina
72%
Nie znaleziono quizów pasujących do podanych kryteriów
Rozkład punktacji
Procent ludzi z każdym wynikiem
Percentyl według liczby udzielonych odpowiedzi
Twoja historia wyników
Nie rozwiązałeś tego quizu